| 000 | 00621cam a2200229 4500 | ||
|---|---|---|---|
| 008 | 090401t1973 xxu||||| |||| 00| 0 eng d | ||
| 020 | _a0851251129 | ||
| 035 | _a(Sirsi) u4262 | ||
| 041 | _aeng | ||
| 050 | _a690 | ||
| 110 | _aBuilding Research Establishment | ||
| 245 | _aFloor screeds. | ||
| 260 |
_aGarston, Watford _bBuilding Research Establishment _c1973 |
||
| 300 | _a8p. : ill. ; 30cm. | ||
| 350 | _a0 | ||
| 490 |
_aBRE Digest _v104 |
||
| 520 | _a1985 reprint. Minor revisions 1979. | ||
| 650 | _aFLOOR SCREEDS | ||
| 690 | _aBUILT ENVIRONMENT-BUILDING MATERIALS | ||
| 942 | _n0 | ||
| 948 | _c04/03/1997 | ||
| 999 |
_c86009 _d86009 |
||